Normal view MARC view
  • SUMMERS,L.BOYD

Entry Personal Name

Number of records used in: 1

001 - CONTROL NUMBER

  • control field: 91536

003 - CONTROL NUMBER IDENTIFIER

  • control field: NUST

005 - DATE AND TIME OF LATEST TRANSACTION

  • control field: 20220512164621.0

008 - FIXED-LENGTH DATA ELEMENTS

  • fixed length control field: 220512|| aca||aabn | a|a d

040 ## - CATALOGING SOURCE

  • Original cataloging agency: NUST
  • Transcribing agency: NUST

100 ## - HEADING--PERSONAL NAME

  • Personal name: SUMMERS,L.BOYD

670 ## - SOURCE DATA FOUND

  • Source citation: Work cat.: (NUST): SUMMERS,L.BOYD., EFFECTIVE METHODS FOR SOFT WARE ENGINEERING /, 2021.
© 2023 Central Library, National University of Sciences and Technology. All Rights Reserved.